E58(沖縄道など)のIC - Statistics

General Stats
  • This quiz has been taken 58 times
  • The average score is 13 of 19
Answer Stats
沖縄道 % Correct
IC 那覇
100%
JCT 西原
86%
IC 西原
86%
IC 許田
86%
JCT 西原
86%
PA 中城
84%
IC 金武
79%
IC 豊見城
79%
IC 石川
72%
IC 宜野座
72%
IC 北中城
70%
IC 沖縄南
70%
IC 沖縄北
70%
SA 伊芸
58%
SIC 喜舎場
44%
IC 南風原北
44%
IC 南風原南
44%
IC 屋嘉
42%
IC 豊見城・名嘉地
37%
No matching quizzes found
Score Distribution
Percent of People with Each Score
Percentile by Number Answered
Your Score History
You have not taken this quiz